ABD'nin Şehirleri - Statistics

General Stats
  • This quiz has been taken 136 times
  • The average score is 6 of 20
Answer Stats
Nüfus Eyalet Şehir % Correct
8,335,897 New York New York
76%
3,822,238 Kaliforniya Los Angeles
73%
2,665,039 İllinois Şikago
57%
1,299,544 Teksas Dallas
45%
2,302,878 Teksas Houston
44%
808,437 Kaliforniya San Francisco
37%
974,447 Teksas Austin
30%
713,252 Kolorado Denver
28%
1,644,409 Arizona Phoenix
27%
1,381,162 Kaliforniya San Diego
27%
1,567,258 Pensilvanya Philadelphia
25%
749,256 Vaşington Seattle
25%
1,472,909 Teksas San Antonio
23%
694,800 Ohlahoma Oklahoma City
22%
880,621 İndiana Indianapolis
21%
971,233 Kaliforniya San Jose
13%
907,971 Ohio Columbus
10%
897,720 Kuzey Karolina Charlotte
9%
971,319 Florida Jacksonville
9%
956,709 Teksas Fort Worth
7%
No matching quizzes found
Score Distribution
Percent of People with Each Score
Percentile by Number Answered
Your Score History
You have not taken this quiz